000 00651nam a2200193Ia 4500
003 LDD
008 190117s9999 xx 000 0 und d
020 _a9788126724376
_c₹250
040 _cLDD
041 _ahi
082 _a8H1.71 श्री6801ध
100 _aश्रीवास्तव, एकांत
245 0 _aधरती अधखिला फूल है
_cएकांत श्रीवास्तव
260 _aनई दिल्ली
_bराजकमल
_c2013
300 _a135
901 _aRAJ
904 _aReqst by : J. M. Parakh
942 _2ddc
_cH
999 _c172229
_d172229